| 000 | 00367nam a2200133 i 4500 | ||
|---|---|---|---|
| 001 | bg | ||
| 100 | 1 | _aKOPACZ, Maria | |
| 245 | 0 |
_aFizykochemia niektórych flawonoidów i ich kompleksów z metalami p- i d- elektronowymi / _cMaria Kopacz. |
|
| 260 |
_aWrocław, _c1982. |
||
| 040 | _cBPK | ||
| 041 | _apol | ||
| 942 | _cKS | ||
| 008 | s pl f |000 0 pol | ||
| 999 |
_c21711 _d21711 |
||
| 856 |
_uhttp://koha.tu.koszalin.pl/cgi-bin/koha/opac-detail.pl?biblionumber=21711 _yKatalog online BPK |
||